Mathematical modeling, Bayesian estimation, and inverse problems : 21-23 July 1999, Denver, Colorado /

Bibliographic Details
Corporate Authors: Society of Photo-optical Instrumentation Engineers, Society for Industrial and Applied Mathematics
Other Authors: Prêteux, Françoise, Mohammad-Djafari, Ali, Dougherty, Edward R.
Format: Book
Language:English
Published: Bellingham, Wash., USA : SPIE, [1999]
Series:Proceedings of SPIE--the International Society for Optical Engineering ; v. 3816.
Subjects:

MARC

Tag First Indicator Second Indicator Subfields
LEADER 00000cam a2200000 a 4500
001 in00001492813
005 20151021092402.0
008 990913s1999 wau 101 0 eng d
020 |a 0819433020 
035 |a (OCoLC)42361101 
035 |9 AJK3340AM 
040 |a CUS  |c CUS  |d TXA  |d UtOrBLW 
049 |a TXAM 
090 |a TA1637  |b .M382 1999 
245 0 0 |a Mathematical modeling, Bayesian estimation, and inverse problems :  |b 21-23 July 1999, Denver, Colorado /  |c Françoise Prêteux, Ali Mohammad-Djafari, Edward R. Dougherty, chairs/editors ; sponsored by SPIE--the International Society for Optical Engineering ; cooperating organization, SIAM--Society for Industrial and Applied Mathematics. 
264 1 |a Bellingham, Wash., USA :  |b SPIE,  |c [1999] 
264 4 |c ©1999 
300 |a vii, 334 pages :  |b illustrations ;  |c 28 cm. 
336 |a text  |b txt  |2 rdacontent 
337 |a unmediated  |b n  |2 rdamedia 
338 |a volume  |b nc  |2 rdacarrier 
490 1 |a Proceedings / SPIE--the international society for optical engineering ;  |v v. 3816 
504 |a Includes bibliographical references and index. 
650 0 |a Image processing  |x Statistical methods  |v Congresses. 
650 0 |a Inverse problems (Differential equations)  |v Congresses. 
650 0 |a Bayesian statistical decision theory  |v Congresses. 
650 0 |a Tomography  |v Congresses. 
700 1 |a Prêteux, Françoise. 
700 1 |a Mohammad-Djafari, Ali. 
700 1 |a Dougherty, Edward R. 
710 2 |a Society of Photo-optical Instrumentation Engineers. 
710 2 |a Society for Industrial and Applied Mathematics. 
830 0 |a Proceedings of SPIE--the International Society for Optical Engineering ;  |v v. 3816. 
948 |a c:dm 
999 |a MARS 
999 f f |s 1c7a6e19-4f4a-3faa-a859-61a40ee20267  |i 459c9060-df2a-3934-b127-9b48f377a2e3  |t 0 
952 f f |p ric  |a Texas A&M University  |b Rellis Campus  |c Joint Library Facility  |d Remote Storage  |t 0  |e TA1637 .M382 1999  |h Library of Congress classification  |i unmediated -- volume  |m A14825240224 
998 f f |a TA1637 .M382 1999  |t 0  |l Remote Storage